000 00690cam a22002533a 4500
001 23584
003 PGUSA
005 20140828083513.0
008 071121s2007||||xxu|||||s|||||000 1 eng d
040 _aPGUSA
_beng
042 _adc
050 4 _aPS
050 4 _aPZ
100 1 _aWarner, Susan,
_d1819-1885
245 1 4 _aThe Gold of Chickaree
_h[electronic resource] /
_cSusan Warner
260 _bProject Gutenberg,
_c2007
506 _aPublic domain in the USA.
516 _aElectronic text
653 _aYoung women -- Juvenile fiction
653 _aChildren's stories
830 0 _aProject Gutenberg
_v23584
856 4 0 _uhttp://www.gutenberg.org/ebooks/23584
942 _cEB
999 _c252839
_d252839